000
00221 a2200097 4500
001
37480
100
_a
Varma S P
245
_a
Modern political theory
260
_a
New Delhi
_b
Vitnas Publishers
_c
090
_c
23943
_d
23943
942
_a
NUST-CAE
_c
M
_c
15495
999
_c
272553
_d
272553